Klasifikácia terénu pre mobilný robot metódami strojového učenia

Enregistré dans:
Détails bibliographiques
Auteur principal: Sátor-Érsek, Mátyás (Auteur)
Autres auteurs: Kajan, Slavomír (Directeur de thèse)
Format: Manuscrit Livre
Langue:slovaque
Publié: 2025
Sujets:
Accès en ligne:http://is.stuba.sk/zp/portal_zp.pl?podrobnosti=184503
Tags: Ajouter un tag
Pas de tags, Soyez le premier à ajouter un tag!

MARC

LEADER 00000ntm a22000003a 4500
001 stuzp101957
003 SK-STU
005 20250614210906.9
007 ta
008 150427s2015----xo-----f-mn---000-0-slo-d
040 |a STU  |b slo 
041 0 |a slo 
100 1 |a Sátor-Érsek, Mátyás  |u 031000  |4 aut  |U FEI Fakulta elektrotechniky a informatiky  |T FEI Ústav robotiky a kybernetiky  |X 111139  |U E011  |Y 356  |7 111139 
242 0 1 |a Terrain Classification for a Mobile Robot Using Machine Learning Methods  |y eng 
245 1 0 |a Klasifikácia terénu pre mobilný robot metódami strojového učenia 
260 |c 2025 
650 4 |a inertial sensor  |2 eng 
650 4 |a terrain classification  |2 eng 
650 4 |a machine learning  |2 eng 
650 4 |a vibration analysis  |2 eng 
650 4 |a mobile robotics  |2 eng 
650 4 |a inerciálny snímač  |2 slo 
650 4 |a vibračná analýza  |2 slo 
650 4 |a klasifikácia terénu  |2 slo 
650 4 |a strojové učenie  |2 slo 
650 4 |a mobilná robotika  |2 slo 
700 1 |a Kajan, Slavomír  |u 031000  |k Z1  |4 ths  |U FEI Fakulta elektrotechniky a informatiky  |T FEI Ústav robotiky a kybernetiky  |X 4240  |U E011  |Y 356  |7 A000004240 
856 4 |u http://is.stuba.sk/zp/portal_zp.pl?podrobnosti=184503